skbl

Dr Suryya Kumar Bhuyan Library Web-OPAC
ডঃ সূৰ্য্য
কুমাৰ ভূঞা পুথিভঁৰাল ৱেব-অ'পেক

All Research Scholars are advised to clear the annual library fees to continue using Library Resources, Remote Access, Plagiarism Test and Library Clearance.

Cotton University Book Fair 2026

New Simplified Physics-X11 (Vol--!) (Record no. 65298)

MARC details
000 -LEADER
fixed length control field 00442nam a2200169Ia 4500
001 - CONTROL NUMBER
control field 64198
008 - FIXED-LENGTH DATA ELEMENTS--GENERAL INFORMATION
fixed length control field 200227n ii |||gr||||Z||||||465
082 ## - DEWEY DECIMAL CLASSIFICATION NUMBER
Classification number 530
100 ## - MAIN ENTRY--PERSONAL NAME
Personal name Arora, S L .
245 #0 - TITLE STATEMENT
Title New Simplified Physics-X11 (Vol--!)
Statement of responsibility, etc. By S L Arora
Medium Textual Documents
250 ## - EDITION STATEMENT
Edition statement Reprint--2011.
260 ## - PUBLICATION, DISTRIBUTION, ETC.
Place of publication, distribution, etc. Delhi
Name of publisher, distributor, etc. Dhanpat Rai & Sons
300 ## - PHYSICAL DESCRIPTION
Extent X11P & 8.50p:
Dimensions 30cm.
653 ## - INDEX TERM--UNCONTROLLED
Uncontrolled term Physics
653 ## - INDEX TERM--UNCONTROLLED
Uncontrolled term G-Physics
942 ## - ADDED ENTRY ELEMENTS (KOHA)
Source of classification or shelving scheme Dewey Decimal Classification
Koha item type Books
Holdings
Withdrawn status Lost status Damaged status Not for loan Collection Home library Current library Shelving location Date acquired Coded location qualifier Cost, normal purchase price Total checkouts Full call number Barcode Date last seen Date last checked out Copy number Price effective from Koha item type
          Dr. Suryya Kumar Bhuyan Library Dr. Suryya Kumar Bhuyan Library   27/02/2020 00000 620.00 1 530 Ar 67 Si 6065/Gift 04/08/2025 08/05/2025 1 27/02/2020 Books

Designed and Maintained by Team SKBL
©1901-2026

Powered by Koha